JetPunk vs. Sporcle - Countries of the World - Statistics

General Stats
  • This quiz has been taken 371 times
    360 since last reset
  • The average score is 11 of 51
Answer Stats
Hint Answer % Correct
JetPunk allows an alternate name / Sporcle allows the full name United States of America
64%
JetPunk allows an acronym DR
60%
Sporcle recognizes Palestine
54%
JetPunk allows an alternate name United Kingdom
52%
Sporcle requires the full name Congo
43%
JetPunk allows an acronym Dominican Republic
37%
Sporcle allows an abbreviation Central African Republic
33%
Sporcle allows the full name North Korea
33%
Sporcle requires the full name Republic of the Congo / Rep. of the Congo / Rep Congo
31%
Sporcle requires the full name Saint Kitts
31%
JetPunk allows a short name Saint Vincent
30%
JetPunk allows a short name St Vincent
30%
JetPunk allows an acronym China
29%
Sporcle requires the full name New Guinea / PNG
28%
JetPunk allows an acronym South Korea / Republic of Korea
28%
JetPunk allows an alternate name / Sporcle allows the full name America
27%
Sporcle requires the full name Antigua / Barbuda
26%
JetPunk allows a short name Saint Lucia
24%
JetPunk allows a short name St Lucia
24%
Sporcle requires the full name Bosnia
23%
JetPunk allows an alternate name Great Britain / GB
21%
Sporcle allows the full name North Macedonia
21%
JetPunk allows an acronym PRC
21%
Sporcle requires the full name Antigua and Barbuda
20%
Sporcle requires the full name Bosnia and Herzegovina
20%
Sporcle requires the full name Papua New Guinea
20%
Sporcle requires the full name Saint Kitts and Nevis
20%
JetPunk allows an acronym NZ
19%
JetPunk allows an acronym ROK
19%
JetPunk allows an acronym New Zealand
18%
JetPunk allows an acronym Saudi Arabia
18%
JetPunk allows an acronym / Sporcle allows the full name FSM
17%
JetPunk allows an acronym / Sporcle allows the full name ROC
17%
JetPunk allows an acronym KSA
16%
Sporcle requires the full name São Tomé
13%
Sporcle requires the full name São Tomé and Príncipe
12%
JetPunk allows an acronym / Sporcle allows the full name The Federated States of Micronesia
12%
Sporcle allows the full name Democratic People's Republic of Korea / People's Republic of Korea
10%
JetPunk allows an acronym / Sporcle allows the full name Republic of China
10%
JetPunk allows an alternate name The Ukraine
8%
Sporcle allows an alternate name Kyrgyzstan
7%
JetPunk allows an alternate name Ukraine
7%
JetPunk allows an alternate name Holland
6%
JetPunk allows an alternate name Netherlands
6%
JetPunk allows an alternate name Sri Lanka
6%
Sporcle allows the full name Marshall Islands
5%
JetPunk allows an alternate name Ceylon
4%
Sporcle allows the full name Republic of North Macedonia
3%
Sporcle allows an abbreviation Cen. Afr. Rep.
2%
Sporcle allows an alternate name Kirghizia / Kyrgyz Republic
1%
Sporcle allows the full name Republic of the Marshall Islands
1%
No matching quizzes found
Score Distribution
Percent of People with Each Score
Percentile by Number Answered
Your Score History
You have not taken this quiz since the last reset